000 00298nam a2200133Ia 4500
008 240624s9999 xx 000 0 und d
041 _aeng
082 _a823 KAF
100 _aKAFKA FRANZ
245 _aSTORIES
260 _c2004
_aKolkata
_bProjapoti
300 _a144 : p. : cm. ; 21
365 _cRS
999 _c3988
_d3988